000
00212nam a22000857a 4500
008
160624b xxu||||| |||| 00| 0 eng d
100
_9
1054
_a
Summers, E
245
_a
No Legacy for Lindsay
260
_a
LON
_b
Boon Ltd
_c
1971
999
_c
842
_d
842